C. Schenkel

Washington A


Categories

History - European2500801080.4311
History - World3300754570.5001
History - Cross, Historiography, and Miscellaneous0700706492.0001
Other - Other Academic and General Knowledge1200356287.0000
RMP - Greco-Roman Mythology1100255868.5000
Fine Arts - Music020020122123.0000
RMP - World Mythology0200208693.0000
Literature - American020020128133.0000
RMP - Philosophy020020114123.0000
Current Events - U.S.1000155353.0000
Geography - Europe1000151717.0001
Science - Astronomy1000155454.0001
Social Science - Psychology1000153232.0011
Current Events - World010010103103.0000
RMP - Islam010010122122.0000
Fine Arts - Photography010010103103.0000
RMP - Other Religion0100105757.0000
History - American0100109999.0000
Literature - World and Miscellaneous010010126126.0000
Science - Physics000000.0000
Science - Biology000000.0000
Science - Chemistry000000.0000
Literature - British000000.0000
Geography - World000000.0000
RMP - Buddhism000000.0000
Fine Arts - Painting000000.0000
RMP - Hinduism000000.0000
RMP - Jewish Practice000000.0000
Fine Arts - Film000000.0000

Buzzes

History - EuropeanCrimea2010
Geography - Europestones2017
Science - Biologylichens018
Science - AstronomyGalileo Galilei023
Social Science - Psychologytrauma2032
History - WorldDemocratic Republic of the Congo2045
History - Worldthe creation of the state of Israel2050
History - Americantax evasion052
Current Events - U.S.Tennessee2053
Science - Chemistrysulfuric acid053